000 00579nam a2200193Ia 4500
005 20250508151536.0
008 008 250505s9999 xx 000 0 eng d
037 _aTextual
040 _aFEDL
_beng
_cFEDL
041 _aeng
_2eng
084 _a784, BRI
_qFEDL
100 _aBridgman William C
_9759464
245 0 _aGuide and accompaniments to the American singer, Advanced book
260 _aNew York, USA
_bAmerican Book Company
_c1950
300 _a333p
700 _a Curtis Louis Woodson
_9759465
942 _cTEXL
_h784, BRI
999 _c1330487
_d1330487